000 00206nam a2200085Ia 4500
008 170617s9999 xx 000 0 und d
100 _aBothara- K.G
245 0 _aOrganic Pharmaceutical Chaemistry
260 _bNirali Pub
260 _c2008
999 _c15233
_d15233